Desirable characteristics of rubber tree juvenile clone Dafeng 95 from anther culture (Record no. 56834)
[ view plain ]
| 000 -LEADER | |
|---|---|
| fixed length control field | 00935nam a2200193Ia 4500 |
| 100 ## - MAIN ENTRY--AUTHOR NAME | |
| Personal name | Li Turong |
| 245 #0 - TITLE STATEMENT | |
| Title | Desirable characteristics of rubber tree juvenile clone Dafeng 95 from anther culture |
| 260 ## - PUBLICATION, DISTRIBUTION, ETC. (IMPRINT) | |
| Name of publisher | Chinese Journal of Tropical Agriculture |
| Year of publication | 2010 |
| 300 ## - PHYSICAL DESCRIPTION | |
| Number of Pages | 3-Jan |
| 520 ## - SUMMARY, ETC. | |
| Summary, etc | The rubber tree juvenile clone Dafeng 95 from anther culture and the mature clone Dafeng 95 were investigated at Fenyong Overseas Chinese State Farm in Guangdong Province. The results showed that compared with Dafeng 95 mature clone, the juvenile clone appeared to have a stronger cold tolerance and its girth increment, latex yield, dry rubber content increased 23.9;, 66.3;and 4.9;, respectively. |
| 650 ## - SUBJECT ADDED ENTRY--TOPICAL TERM | |
| Topical Term | Characteristics |
| 650 ## - SUBJECT ADDED ENTRY--TOPICAL TERM | |
| Topical Term | Juvenile type |
| 700 ## - ADDED ENTRY--PERSONAL NAME | |
| Personal name | Chen Xiongting |
| 700 ## - ADDED ENTRY--PERSONAL NAME | |
| Personal name | Wang Yicheng |
| 700 ## - ADDED ENTRY--PERSONAL NAME | |
| Personal name | Wu Qingsong |
| 700 ## - ADDED ENTRY--PERSONAL NAME | |
| Personal name | Zhang Jianzhen |
| 942 ## - ADDED ENTRY ELEMENTS (KOHA) | |
| Koha item type | Journals |
| Withdrawn status | Lost status | Damaged status | Not for loan | Home library | Current library | Shelving location | Date acquired | Serial Enumeration / chronology | Koha item type |
|---|---|---|---|---|---|---|---|---|---|
| Journals | RRII Library | RRII Library | Botany | 17/01/2011 | Volume 30, Issue 7 | Journals |